| Tag |
First Indicator |
Second Indicator |
Subfields |
| LEADER |
00000cam a22000001a 4500 |
| 001 |
in00003191921 |
| 006 |
m d f |
| 007 |
cr bn mmmapmmp |
| 008 |
090623s1959 dcu o f000 0 eng d |
| 005 |
20260504145026.7 |
| 035 |
|
|
|a cis2007430404
|
| 040 |
|
|
|a UMI
|c UMI
|d UtOrBLW
|
| 043 |
|
|
|a n-us---
|
| 086 |
0 |
|
|a Y 4.J 89/2:P 92/7/pt.2
|
| 099 |
|
|
|a HRG-1959-SJS-0056
|
| 110 |
1 |
|
|a United States.
|b Congress.
|b Senate.
|b Committee on the Judiciary.
|b Subcommittee on Constitutional Amendments.
|
| 245 |
1 |
0 |
|a Presidential Terms of Office.
|n Part 2,
|p Views of Political Scientists: Supplement to Hearings Held on May 4, 1959 :
|b hearings before the United States Senate Committee on the Judiciary, Subcommittee on Constitutional Amendments, Eighty-Sixth Congress, first session.
|
| 264 |
|
1 |
|a Washington :
|b U.S. G.P.O.,
|c 1959.
|
| 300 |
|
|
|a 1 online resource.
|
| 336 |
|
|
|a text
|b txt
|2 rdacontent
|
| 337 |
|
|
|a computer
|b c
|2 rdamedia
|
| 338 |
|
|
|a online resource
|b cr
|2 rdacarrier
|
| 500 |
|
|
|a Record is based on bibliographic data in ProQuest Congressional Hearings Digital Collection. Reuse except for individual research requires license from ProQuest, LLC.
|
| 520 |
|
|
|a Contains submitted statements on legislation to amend the Constitution to repeal the two term limitation on Presidential Service.
|
| 520 |
|
|
|a Considers (86) S.J. Res. 11.
|
| 538 |
|
|
|a System requirements: PDF reader software.
|
| 500 |
|
|
|a Electronic resource.
|
| 650 |
|
0 |
|a Presidents
|x Term of office
|z United States
|x Law and legislation.
|
| 655 |
|
7 |
|a Electronic books.
|2 local
|
| 710 |
2 |
|
|a ProQuest (Firm)
|
| 776 |
0 |
8 |
|i Print version:
|a United States. Congress. Senate. Committee on the Judiciary. Subcommittee on Constitutional Amendments.
|t Presidential Terms of Office
|
| 776 |
0 |
8 |
|i Microfiche version:
|a United States. Congress. Senate. Committee on the Judiciary. Subcommittee on Constitutional Amendments.
|t Presidential Terms of Office.
|d [Bethesda, Md.] : ProQuest,[2004]
|o CIS Hrgs MF Gp 4--(86) SJ-2
|w (ProQuest)cis10704447
|
| 830 |
|
0 |
|a U.S. Congressional Hearings.
|
| 856 |
4 |
0 |
|u http://proxy.library.tamu.edu/login?url=https://congressional.proquest.com/congcomp/getdoc?HEARING-ID=HRG-1959-SJS-0056
|z Connect to the full text of this electronic book
|t 0
|
| 998 |
|
|
|a cis10704447
|
| 999 |
|
|
|a MARS
|
| 999 |
f |
f |
|s c4195fa0-9b68-3fe2-9f92-5a94bb741153
|i 06670809-26a8-3e1a-bd81-b9ffa61d9b81
|t 0
|
| 952 |
f |
f |
|a Texas A&M University
|b College Station
|c Electronic Resources
|s www_evans
|d Available Online
|t 0
|e HRG-1959-SJS-0056
|h Other scheme
|
| 998 |
f |
f |
|a HRG-1959-SJS-0056
|t 0
|l Available Online
|